banner koha

Programa Nacional de Direitos Humanos (PNHD-3) / (Registro n. 259855)

MARC details
000 -LÍDER
Campo de controle fixo 00591nam a22002057a 4500
001 - NÚMERO DE CONTROLE
Número de controle BS2023000543
003 - CÓDIGO MARC DA AGÊNCIA CATALOGADORA
Campo de controle BR-BrBNA
005 - DATA E HORA DA ÚLTIMA ATUALIZAÇÃO
Campo de controle 20231206123128.0
008 - CAMPO DE TAMANHO FIXO
Campo fixo de controle 231206b bl.||||| |||| 00| 0 por d
040 ## - FONTE DA CATALOGAÇÃO
Agência catalogadora BR-BrBNA
Idioma da catalogação por
041 ## - CÓDIGO DO IDIOMA
Código do Idioma por
072 ## - CATEGORIA DE CLASSIFICAÇÃO
Código da categoria de assunto B52
245 ## - TÍTULO PRINCIPAL
Título principal Programa Nacional de Direitos Humanos (PNHD-3) /
Indicação de responsabilidade Secretaria Especial dos Direitos Humanos da Presidência da República
260 ## - IMPRENTA (PUBLICAÇÃO, DISTRIBUIÇÃO, ETC.)
Lugar de publicação, distribuição, etc. Brasília, DF :
Data de publicação, distribuição, etc 2010.
300 ## - DESCRIÇÃO FÍSICA
Extensão 308 p. ;
Detalhes físicos adicionais il.
650 ## - ASSUNTO
Cabeçalho tópico ou nome geográfico DIREITOS HUMANOS - BRASIL
909 ## - IDENTIFICAÇÃO DO CATALOGADOR
Ano e mês da catalogação (aaaamm) 202312
Identificação do catalogador Ana Lívia
942 ## - TIPO ESPECÍFICO
Tipo de material Livros
Exemplares
Status de empréstimo Fonte de classificação Status de danificação Não pode ser emprestado Localização permanente Localização atual Total Checkouts Número de chamada Código de barras Date last seen Tipo de material Perdido Data de aquisição Fonte de aquisição Qualificador de localização codificada Preço Número de inventário Preço para reposição Preço efetivo a partir de
  Classificação AGRIS     Espaço Ceres - QVT/MAPA Espaço Ceres - QVT/MAPA   B52 BS2023000543 2023-437079 06/12/2023 Livros                

BINAGRI

Telefone: (61)3218-2567/2388/3357/2097 - binagri@agro.gov.br

Ministério da Agricultura e Pecuária , Esplanada dos Ministérios, Bloco D, Anexo B, Brasília/DF, CEP: 70.043-900